| 000 | 00341nam a22001457a 4500 | ||
|---|---|---|---|
| 003 | OSt | ||
| 005 | 20160727222454.0 | ||
| 008 | 160705b xxu||||| |||| 00| 0 eng d | ||
| 040 | _cTEST | ||
| 100 |
_92127 _a Matthewman, P |
||
| 245 | _aRobert Morrison | ||
| 260 |
_aMichigan _b Zondervan _c1957 |
||
| 300 | _aRobert Morrison | ||
| 942 |
_2ddc _cBK |
||
| 999 |
_c1821 _d1821 |
||